Statistics for Functional Anatomy of the Brain on a Click Map

Click here to take the quiz!

General Stats

  • This quiz has been taken 554 times
  • The average score is 4 of 8

Answers on the Map

Answers color-coded by a green-red scale on the quiz's map according to % correct below.
 

Answer Stats

Answer% Correct
Prefrontal Cortex
72%
Visual Cortex
51%
Broca's area
44%
Premotor Cortex
44%
Motor Cortex
39%
Primary Somatosensory Cortex
36%
Wernicke's Area
35%
Primary Auditory Cortex
32%

Score Distribution

Percentile by Number Answered

Percent of People with Each Score

Your Score History

You have not taken this quiz